000 00423cam a2200169ua 4500
020 _c1.25
041 _aeng
_h
082 _a823.308
_bDIC/OL
100 _aDickens, Charles.
245 _aOliver Twist retold by John Kennett /
_cCharles Dickens.
_hTextual Documents
260 _aLondon :
_bBlackie & Son Ltd ,
_c1965.
300 _a131 ; .
365 _a1.25
504 _a
942 _cBK
999 _c5155
_d5155